书目信息 |
| 题名: |
学习为了战斗结合战斗学习
|
|
| 作者: | ;中共求新造船厂委员会 编 | |
| 分册: | ||
| 出版信息: | 上海 上海人民出版社 1960 |
|
| 页数: | 57页 | |
| 开本: | 20cm | |
| 丛书名: | ||
| 单 册: | ||
| 中图分类: | D641 | |
| 科图分类: | ||
| 主题词: | 思想政治教育--学习参考资料 | |
| 电子资源: | ||
| ISBN: | 2074.229 | |
| 000 | 00918nam0 2200241 450 | |
| 001 | 0160005517 | |
| 005 | 20100713171850.0 | |
| 010 | @a2074.229@dCNY0.20 | |
| 091 | @a2074.229@dCNY0.20 | |
| 100 | @a20080828d1960 em y0chiy0121 ea | |
| 101 | 0 | @achi |
| 102 | @aCN@b310000 | |
| 105 | @ay z 000yy | |
| 106 | @ar | |
| 200 | 1 | @a学习为了战斗结合战斗学习@9Xue Xi Wei Liao;Le Zhan Dou Jie He;Ge Zhan Dou Xue Xi @e上海求新造船厂工人两年来坚持理论学习的经验@f中共求新造船厂委员会编 |
| 210 | @a上海@c上海人民出版社@d1960 | |
| 215 | @a57页@d20cm | |
| 517 | 1 | @a上海求新造船厂工人两年来坚持理论学习的经验@9shang hai qiu xin zao chuan chang gong ren liang nian lai jian chi li lun xue xi de jing yan |
| 606 | 0 | @a思想政治教育@j学习参考资料 |
| 690 | @aD641@v4 | |
| 711 | 02 | @a中共求新造船厂委员会@9zhong gong qiu xin zao chuan chang wei yuan hui@4编 |
| 801 | 0 | @aCN@bAzMarc@c20130904 |
| 905 | @aBZT@dD641@e13@f1@sD641/13 | |
| 学习为了战斗结合战斗学习:上海求新造船厂工人两年来坚持理论学习的经验/中共求新造船厂委员会编.-上海:上海人民出版社,1960 |
| 57页;20cm |
| ISBN 2074.229:CNY0.20 |
| ● |
| 相关链接 |
|
|
|
正题名:学习为了战斗结合战斗学习
索取号:D641/13
 
预约/预借
| 序号 | 登录号 | 条形码 | 馆藏地/架位号 | 状态 | 备注 |
| 1 | 2000049751 | 2000049751 | 旧书回溯/ [索取号:D641/13] | 在馆 |